000
00342 a2200157 4500
001
157254
020
_a
8511190074
040
_c
Escola São Tomás de Aquino
100
_a
LOBATO, Monteiro
240
1
0
_a
Fábulas
_l
por
245
1
0
_a
Fábulas
300
_a
60 p.
362
0
_a
2017
697
_a
*LITERATURA INFANTO JUVENIL
942
_c
BK
999
_c
157254
_d
157254